00517nam a2200193 a 4500001001300000003000900013005001700022008004100039020002300080082001900103100001900122245005200141260004400193300000900237500003500246505001000281650001300291700001900304nice12345678IN_TiNIC20260116014608.0050524s2000 lona grp 000 0 eng  a0190913 c59500a294.5922bRIC1 aRichman, Paula aQuestioning Ramayanasb a South Asian Tradition aLondan bOxford University Press c2000 a432p aincludes index and biblioraphy2 aIndex aRamayana1 aRichman, Paula